000 00425nam a2200157Ia 4500
008 240729s9999 xx 000 0 und d
022 _a2228-4907
245 0 _aAgronomy Research
260 _aEstonia
260 _bEstonian University of Life Sciences
650 _a Agriculture (General)
650 _aAgriculture
856 _uhttps://doaj.org/toc/e3a7bbe9f8fe43b0aa797da3bead1296
942 _2ddc
942 _cDOAJEJ
999 _c67241
_d67241
945 _a1
_bMadushi Gamage
_c1
_dMadushi Gamage